000
00293nam a22001457a 4500
003
SGT
082
_a
658.8,KOT
100
_a
KOTLER,PHILIP
245
_a
MARKETING MANAGEMENT
250
_a
11TH
260
_a
NEW DELHI
_b
PHI
_c
2003
300
_a
706
650
_a
MARKETING
942
_2
ddc
_c
BK
_0
4
999
_c
9662
_d
9662